书目信息 |
| 题名: |
大型数据库管理系统技术、应用与实例分析
|
|
| 作者: | 孟宪虎 , 马雪英 , 邓绪斌 编著 | |
| 分册: | ||
| 出版信息: | 北京 电子工业出版社 2016.07 |
|
| 页数: | 292页 | |
| 开本: | 26cm | |
| 丛书名: | ||
| 单 册: | ||
| 中图分类: | TP311.132.3-43 , TP311.138SQ-43 , TP311.138 | |
| 科图分类: | ||
| 主题词: | 关系数据库--数据库管理系统,SQL Server--高等学校--教材 | |
| 电子资源: | ||
| ISBN: | 978-7-121-28676-6 | |
| 000 | 01593nam0 2200325 450 | |
| 001 | 276 | |
| 005 | 20180925104019.04 | |
| 010 | @a978-7-121-28676-6@dCNY45.00 | |
| 100 | @a20160826d2016 em y0chiy50 ea | |
| 101 | 0 | @achi |
| 102 | @aCN@b110000 | |
| 105 | @ay az 000yy | |
| 200 | 1 | @a大型数据库管理系统技术、应用与实例分析@9da xing shu ju ku guan li xi tong ji shu、ying yong yu shi li fen xi@e基于SQL Server@f孟宪虎,马雪英,邓绪斌编著 |
| 205 | @a3版 | |
| 210 | @a北京@c电子工业出版社@d2016.07 | |
| 215 | @a292页@d26cm | |
| 300 | @a普通高等教育“十一五”国家级规划教材 大学计算机规划教材 | |
| 320 | @a有书目(第292页) | |
| 330 | @a本书系统地介绍SQL Server的相关原理、管理和应用程序设计,原理、管理、程序设计并重,以一个数据库实例贯穿始终,将SQL Server技术分解成16个专题,每个专题根据自身技术特点对操作进行实例分析。主要内容包括数据库原理与数据库应用设计,数据库存储原理和数据库创建,数据库表结构分析和表的创建与管理;数据库程序机构及设计,自定义函数设计,游标技术及操作,存储过程和触发器,事务和并发控制,视图的规划、设计与操作,索引的机理和设计,数据安全及访问控制、数据备份与恢复等。每章均配有针对性实验,提供配套电子课件、实例数据库、习题参考答案和教学网站。 | |
| 517 | 1 | @a基于SQL Server@9ji yu SQL Server |
| 606 | 0 | @a关系数据库@x数据库管理系统,SQL Server@x高等学校@j教材 |
| 610 | 0 | @aSQL Server |
| 690 | @aTP311.132.3-43@v5 | |
| 690 | @aTP311.138SQ-43@v5 | |
| 690 | @aTP311.138@v4 | |
| 701 | 0 | @a孟宪虎@9meng xian hu@4编著 |
| 701 | 0 | @a马雪英@9ma xue ying@4编著 |
| 701 | 0 | @a邓绪斌@9deng xu bin@4编著 |
| 801 | 0 | @aCN@b91MARC@c20160826 |
| 905 | @aMuseLib@dTP311.138@e1252=3 | |
| 大型数据库管理系统技术、应用与实例分析:基于SQL Server/孟宪虎,马雪英,邓绪斌编著.-3版.-北京:电子工业出版社,2016.07 |
| 292页;26cm |
| 普通高等教育“十一五”国家级规划教材 大学计算机规划教材 |
| ISBN 978-7-121-28676-6:CNY45.00 |
| 本书系统地介绍SQL Server的相关原理、管理和应用程序设计,原理、管理、程序设计并重,以一个数据库实例贯穿始终,将SQL Server技术分解成16个专题,每个专题根据自身技术特点对操作进行实例分析。主要内容包括数据库原理与数据库应用设计,数据库存储原理和数据库创建,数据库表结构分析和表的创建与管理;数据库程序机构及设计,自定义函数设计,游标技术及操作,存储过程和触发器,事务和并发控制,视图的规划、设计与操作,索引的机理和设计,数据安全及访问控制、数据备份与恢复等。每章均配有针对性实验,提供配套电子课件、实例数据库、习题参考答案和教学网站。 |
| ● |
| 相关链接 |
|
|
|
|
正题名:大型数据库管理系统技术、应用与实例分析
索取号:TP311.138/1252=3
 
预约/预借
| 序号 | 登录号 | 条形码 | 馆藏地/架位号 | 状态 | 备注 |
| 1 | 1119114 | 211191146 | 第二样本阅览室/ [索取号:TP311.138/1252=3] | 在馆 | |
| 2 | 1119115 | 211191155 | 第三借阅区/ [索取号:TP311.138/1252=3] | 在馆 | |
| 3 | 1119116 | 211191164 | 第三借阅区/ [索取号:TP311.138/1252=3] | 在馆 | |
| 4 | 1119117 | 211191173 | 第三借阅区/ [索取号:TP311.138/1252=3] | 在馆 | |
| 5 | 1119118 | 211191182 | 第三借阅区/ [索取号:TP311.138/1252=3] | 在馆 |